Courtes explications sur les 12.000 francs offerts par Mme la Duchesse de Berry aux indigens attaqués de la contagion / (Record no. 48199)

MARC details
000 -LEADER
campo de control de longitud fija 00804nam a2200193 i 4500
001 - NÚMERO DE CONTROL
campo de control 48199
003 - IDENTIFICADOR DE NÚMERO DE CONTROL
campo de control ES-MaACL
005 - FECHA Y HORA DE LA ÚLTIMA TRANSACCIÓN
campo de control 20250809063455.0
007 - CAMPO FIJO DE DESCRIPCIÓN FÍSICA--INFORMACIÓN GENERAL
campo de control de longitud fija t|
008 - DATOS DE LONGITUD FIJA--INFORMACIÓN GENERAL
campo de control de longitud fija 950707s1832 fr ||||1| fre d
040 ## - FUENTE DE CATALOGACIÓN
Centro catalogador/agencia de origen CAM
Lengua de catalogación spa
Centro/agencia transcriptor CAM
100 1# - ENTRADA PRINCIPAL--NOMBRE DE PERSONA
Nombre de persona Chateaubriand, François-René,
Títulos y otros términos asociados al nombre vicomte de,
Fechas asociadas al nombre 1768-1848
9 (RLIN) 38177
245 10 - MENCIÓN DEL TÍTULO
Título Courtes explications sur les 12.000 francs offerts par Mme la Duchesse de Berry aux indigens attaqués de la contagion /
Mención de responsabilidad, etc. par M. de Chateaubriand.
260 ## - PUBLICACIÓN, DISTRIBUCIÓN, ETC.
Lugar de publicación, distribución, etc. Paris :
Nombre del editor, distribuidor, etc. Le Normand,
Fecha de publicación, distribución, etc. 1832.
300 ## - DESCRIPCIÓN FÍSICA
Extensión 48 p. ;
Dimensiones 21 cm.
600 17 - PUNTO DE ACCESO ADICIONAL DE MATERIA--NOMBRE DE PERSONA
Nombre de persona Berry, Marie Caroline de Borbón-Sicilia,
Títulos y otros términos asociados al nombre Duchesse de,
Fechas asociadas al nombre 1798-1870
Fuente del encabezamiento o término
9 (RLIN) 159365
852 ## - LOCALIZACIÓN
Ubicación ES-MaACL
Número de control de estantería G-10628(1)
Nota libre .- Donat. Angel Calderón de la Barca (Actas del Ateneo, junta 9 de abril de 1844)
Holdings
Estatus retirado Estado de pérdida Estado de daño No para préstamo Colección Biblioteca de origen Biblioteca actual Ubicación en estantería Fecha de adquisición Fuente de adquisición Total de préstamos Signatura topográfica completa Código de barras Visto por última vez Precio de reemplazo Tipo de ítem Koha
        Libros del s. XIX Biblioteca del Ateneo de Madrid Biblioteca del Ateneo de Madrid Sala Pecera Planta 3 17/01/2008     G-10628(1) 1050725 23/02/2023 23/02/2023 Libro impreso antiguo